| 000 | 02281nam a22003137a 4500 | ||
|---|---|---|---|
| 003 | IT-RoINE | ||
| 005 | 20210416095111.0 | ||
| 008 | 190430b xxu||||| |||| 00| | lat d | ||
| 026 |
_aneo- ansa _bt.sp deau (3) _c1567 (A) |
||
| 040 |
_cIT-RoINE _dIT-RoINE |
||
| 110 | 1 |
_aBraga. _bArquidiocese. _bConcílio Provincial, _b4, _cBraga _d1566 _959213 |
|
| 245 | 1 | _aConcilium Provinciale Braccaren. IIII Pontificatus Sanctiss. D. N. Pii. V. anno 2. regni vero potentiss. piissimiq. regis nostri Sebastiani huius nois primi anno. 10. praesidente illustriss. ac reverediss. in Christo Patre Fratre Bartholomaeo à martyribus Archiep.o & D.no Braccaren. huius p.vinciae metropolitano & Hispaniarum primate. Co.sidentib. reverendiss. in Christo patrib. Roderico Pinario Portugallen. Ioanne Soarez Conimbricen. Arganilli Comité. Antonio Pinario Miranden. Con p.vincialib. episcopis. | |
| 246 | 3 | _aConcilium Provinciale Braccaren. IIII Pontificatus Santiss. D. N. Pii V. anno 2. Regni vero potentiss. piissimiq. regis nostri Sebastiani huius nominis primi anno 10. praesidente illustriss. ac reverendiss. in Christo Patre Fratre Bartholomaeo a martyribus archiepiscopo & domino Braccaren. huius Provinciae Metropolitano & Hispaniarum primate. considentib. reverendiss. in Christo patrib. Roderico Pinario Portugallen. Ioanne Soarez Conimbricen. Arganilli comite. Antonio Pinario Miranden. con provincialib. episcopis. | |
| 260 |
_aBraccarae : _bapud Antonium a Maris Typographum Reuerendiss. D. Archiep. Hispaniarum Primatis, _c1567 |
||
| 300 |
_a[29], [3] p. en b., 128, [1] p. en b. ; _c8º |
||
| 336 |
_2rdacontent _atext |
||
| 337 |
_2rdamedia _aunmediated |
||
| 338 |
_2rdacarrier _avolume |
||
| 594 | _aPalabras contratadas en el título. | ||
| 595 | _aNota en pie de la portada: Taxado em papel a cincoenta res. | ||
| 597 | _aSign.: [+]8 A-R8. | ||
| 597 | _aEscudo xilográfico en portada. | ||
| 599 | _aIniciales y frisos xilográficos. | ||
| 700 | 1 |
_aMariz, António de, _dactivo 1556-1599 _eimpresor _959214 |
|
| 700 | 1 |
_959215 _aPinarius, Antonius, _dSiglo 16o. |
|
| 752 |
_aPortugal, _dBraga _959216 |
||
| 856 | 4 | 1 |
_uhttps://reader.digitale-sammlungen.de/en/fs1/object/display/bsb10206069_00005.html _zEnlace a MDZ-Reader Bayerische Staatsbibliothek |
| 942 |
_2IT-RoINE _cLA |
||
| 999 |
_c30205 _d30205 |
||